<?xml version="1.0" encoding="UTF-8"?><?xml-stylesheet type="text/xsl" href="static/style.xsl"?><OAI-PMH xmlns="http://www.openarchives.org/OAI/2.0/" xmlns:xsi="http://www.w3.org/2001/XMLSchema-instance" xsi:schemaLocation="http://www.openarchives.org/OAI/2.0/ http://www.openarchives.org/OAI/2.0/OAI-PMH.xsd"><responseDate>2026-04-17T05:47:11Z</responseDate><request verb="GetRecord" identifier="oai:www.recercat.cat:2072/406847" metadataPrefix="marc">https://recercat.cat/oai/request</request><GetRecord><record><header><identifier>oai:recercat.cat:2072/406847</identifier><datestamp>2024-10-30T23:24:02Z</datestamp><setSpec>com_2072_98</setSpec><setSpec>col_2072_378192</setSpec></header><metadata><record xmlns="http://www.loc.gov/MARC21/slim" xmlns:dcterms="http://purl.org/dc/terms/" xmlns:xsi="http://www.w3.org/2001/XMLSchema-instance" xmlns:doc="http://www.lyncode.com/xoai" xsi:schemaLocation="http://www.loc.gov/MARC21/slim http://www.loc.gov/standards/marcxml/schema/MARC21slim.xsd">
   <leader>00925njm 22002777a 4500</leader>
   <datafield ind2=" " ind1=" " tag="042">
      <subfield code="a">dc</subfield>
   </datafield>
   <datafield ind2=" " ind1=" " tag="720">
      <subfield code="a">Perona Páez, Juan José</subfield>
      <subfield code="e">author</subfield>
   </datafield>
   <datafield ind2=" " ind1=" " tag="260">
      <subfield code="c">2011</subfield>
   </datafield>
   <datafield ind2=" " ind1=" " tag="520">
      <subfield code="a">As múltiplas possibilidades de recepção sonora decorrentes do desenvolvimento tecnológico, mas especialmente da integração e da interacção de diferentes dispositivos electrónicos digitais, situam a rádio numa posição muito vantajosa relativamente a outros meios de comunicação, ao mesmo tempo que desenham um cenário comunicativo que convida a procurar novas formas de exploração e transmissão de conteúdos. No contexto do que aqui denominamos de sonosfera digital, este artigo examina, precisamente, o principal impacto da convergência em relação aos hábitos de escuta radiofónica e de configuração ao seu eu sonoro actual. A partir do desenvolvimento de dois grupos focais com estudantes universitários espanhóis - todos eles nativos digitais -, esta abordagem visa produzir dados sobre a relação dos jovens com a sonosfera digital e responder a perguntas como: quais são os principais dispositivos electrónico-digitais que incidem com mais força na configuração da sonosfera digital? Quais são as preferências sonoras dos jovens no novo contexto de recepção? Que lugar ocupa a rádio - o meio sonoro por excelência - no contexto dessas preferências? Ou que características do novo cenário comunicativo são mais valorizadas pelos jovens?</subfield>
   </datafield>
   <datafield tag="653" ind2=" " ind1=" ">
      <subfield code="a">Sonosfera</subfield>
   </datafield>
   <datafield tag="653" ind2=" " ind1=" ">
      <subfield code="a">Rádio</subfield>
   </datafield>
   <datafield tag="653" ind2=" " ind1=" ">
      <subfield code="a">Recepção sonora</subfield>
   </datafield>
   <datafield tag="653" ind2=" " ind1=" ">
      <subfield code="a">Digital</subfield>
   </datafield>
   <datafield tag="653" ind2=" " ind1=" ">
      <subfield code="a">Dispositivos electrónicos</subfield>
   </datafield>
   <datafield ind2="0" ind1="0" tag="245">
      <subfield code="a">A rádio no contexto da sonoesfera digital : perspectivas sobre um novo cenário de recepçao sonora</subfield>
   </datafield>
</record></metadata></record></GetRecord></OAI-PMH>